000 00455cam a22001697a 4500
008 180718b1999 xxu||||| |||| 00| 0 eng d
020 _a0415134811
082 _aT1 P926
100 _aPressman, Steven
245 _aFifty major economists
_cby Steven Pressman
260 _aLondon
_bRoutledge
_c1999
300 _a207p.
650 _aEconomists
650 _aEconomics - History and criticism
650 _aWritten Off
650 _a(74615-Written Off)
999 _c390506
_d390506